Statistics for Leading Scorer on Each NHL Team (2017-18 Season)

Click here to take the quiz!

General Stats

  • This quiz has been taken 23 times
  • The average score is 24 of 31

Answer Stats

Team Player % Correct
Boston BruinsBrad Marchand
95%
Pittsburgh PenguinsEvgeni Malkin
95%
Philadelphia FlyersClaude Giroux
95%
Chicago BlackhawksPatrick Kane
95%
Washington CapitalsAlex Ovechkin
95%
Dallas StarsJamie Benn
95%
Edmonton OilersConnor McDavid
95%
Los Angeles KingsAnze Kopitar
95%
Winnipeg JetsBlake Wheeler
90%
Vegas Golden KnightsWilliam Karlsson
90%
Colorado AvalancheNathan MacKinnon
90%
New Jersey DevilsTaylor Hall
90%
Tampa Bay LightningNikita Kucherov
90%
Toronto Maple LeafsMitch Marner
85%
Florida PanthersAleksander Barkov
85%
Calgary FlamesJohnny Gaudreau
85%
Detroit Red WingsDylan Larkin
80%
Buffalo SabresJack Eichel
80%
San Jose SharksBrent Burns
80%
Nashville PredatorsFilip Forsberg
75%
Carolina HurricanesSebastian Aho
75%
New York IslandersMat Barzal
65%
Ottawa SenatorsMark Stone
65%
Vancouver CanucksBrock Boeser
60%
Montreal CanadiensBrendan Gallagher
60%
Arizona CoyotesClayton Keller
60%
Minnesota WildEric Staal
60%
St. Louis BluesBrayden Schenn
55%
Columbus Blue JacketsArtemi Panarin
55%
Anaheim DucksRickard Rakell
55%
New York RangersMats Zuccarello
40%

Score Distribution

Percentile by Number Answered

Percent of People with Each Score

Your Score History

You have not taken this quiz